000 00399nam a2200145Ia 4500
005 20250729165804.0
008 250729s2007 xx 000 0 und d
041 _aeng
082 _a155.2 HUBT
100 _aHubbard L Ron
_9233051
245 _aThe Way to Happiness :a Common Sense Guide tabe boh
260 _aDenmark
_bNew Era Publication
_c2007
300 _a248p
650 _aPsychology
_9233052
999 _c240088
_d240088